| 000 | 01828nab a22003377a 4500 | ||
|---|---|---|---|
| 999 |
_c5330 _d5330 |
||
| 003 | OSt | ||
| 005 | 20250221113402.0 | ||
| 008 | 190603e xxum|||| |||| 00| 0 spa d | ||
| 040 | _cPJ-TDF | ||
| 100 |
_95106 _aHernández, Carlos A. |
||
| 245 | 1 | 0 |
_aContratos de larga duración / _cCarlos A. Hernández. |
| 260 |
_cCiudad Autónoma de Buenos Aires : _aThomson Reuters La Ley, _b2024. |
||
| 300 | _ap. 115-126 | ||
| 500 | _aCita: TR LALEY AR/DOC/1972/2024. Publicado en: R.C.C. y C. 2024 (Septiembre-Octubre). EDICIÓN ESPECIAL: XXIX Jornadas Nacionales de Derecho Civil. | ||
| 505 | _aSumario: I. Introducción.— II. Alcances de la categoría de los contratos de larga duración.— III. Los contratos de larga duración en el contexto de la reformulación de la teoría general del contrato.— IV. La regulación de los contratos de larga duración en el Cód. Civ. y Com.— V. La clasificación de los contratos de larga duración: proyección sobre la eficacia y la extinción.— VI. Conclusiones. | ||
| 505 | _t¿Te interesa el texto completo? Solicitalo al correo: koha@justierradelfuego.gov.ar | ||
| 650 | 0 |
_92597 _aDEFENSA DEL CONSUMIDOR |
|
| 650 | 0 |
_91467 _aRESPONSABILIDAD CIVIL |
|
| 650 | 0 |
_92597 _aDEFENSA DEL CONSUMIDOR |
|
| 650 | 0 |
_94552 _aRELACION DE CONSUMO |
|
| 650 | 0 |
_95417 _aCONTRATOS DE CONSUMO |
|
| 650 | 0 |
_96376 _aRESCISION DEL CONTRATO |
|
| 650 | 0 |
_91497 _aCODIGO CIVIL Y COMERCIAL |
|
| 650 | 0 |
_93951 _aDEBER DE INFORMACIÓN |
|
| 650 | 0 |
_91606 _aCONTRATO DE ADHESION |
|
| 650 | 0 |
_9234 _aDERECHO COMPARADO |
|
| 650 | 0 |
_9200 _aDECRETOS DE NECESIDAD Y URGENCIA |
|
| 650 | 0 |
_93597 _aLOCACIÓN DE INMUEBLES |
|
| 773 | 0 |
_02713 _93170 _dCiudad Autónoma de Buenos Aires : Thomson Reuters La Ley, 2015- _tRevista Código Civil y Comercial. Nº 5 - Septiembre-Octubre 2024 |
|
| 942 |
_2udc _cANA |
||